<?xml version="1.0" encoding="UTF-8"?>
<record
    xmlns:xsi="http://www.w3.org/2001/XMLSchema-instance"
    xsi:schemaLocation="http://www.loc.gov/MARC21/slim http://www.loc.gov/standards/marcxml/schema/MARC21slim.xsd"
    xmlns="http://www.loc.gov/MARC21/slim">

  <leader>01386nam a22003017i 4500</leader>
  <datafield tag="999" ind1=" " ind2=" ">
    <subfield code="c">22832</subfield>
    <subfield code="d">22832</subfield>
  </datafield>
  <controlfield tag="003">AR-CdUCM</controlfield>
  <controlfield tag="008">240419b20222022pe ||||| |||| 00| 0 spa d</controlfield>
  <datafield tag="040" ind1=" " ind2=" ">
    <subfield code="a">MUNICIPALIDAD PROVINCIAL DEL CUSCO</subfield>
    <subfield code="c">BIBLIOTECA MUNICIPAL DEL CUSCO</subfield>
  </datafield>
  <datafield tag="082" ind1=" " ind2=" ">
    <subfield code="a">985.613 / M2R</subfield>
    <subfield code="b">M2R</subfield>
  </datafield>
  <datafield tag="100" ind1=" " ind2=" ">
    <subfield code="a">R&#xED;os P&#xE9;rez, Gregorio</subfield>
  </datafield>
  <datafield tag="245" ind1=" " ind2=" ">
    <subfield code="a">Marangan&#xED;, Historia abierta al mundo :</subfield>
    <subfield code="b">en homenaje a los 188 a&#xF1;os (CLXXXVIII) de su creaci&#xF3;n pol&#xED;tica, 1834-2022 /</subfield>
  </datafield>
  <datafield tag="260" ind1=" " ind2=" ">
    <subfield code="a">Cusco :</subfield>
    <subfield code="b">Municipalidad Distrital Marangan&#xED;,</subfield>
    <subfield code="c">2022</subfield>
  </datafield>
  <datafield tag="300" ind1=" " ind2=" ">
    <subfield code="a">409 p&#xE1;ginas. :</subfield>
    <subfield code="c">28.5 cm.</subfield>
  </datafield>
  <datafield tag="500" ind1=" " ind2=" ">
    <subfield code="z">Bibliograf&#xED;a: p&#xE1;ginas 401-407.</subfield>
  </datafield>
  <datafield tag="505" ind1=" " ind2=" ">
    <subfield code="a">Ubicaci&#xF3;n geogr&#xE1;fica -- Historia prehisp&#xE1;nica, Emancipaci&#xF3;n y Rep&#xFA;blica -- La f&#xE1;brica de tejidos Marangan&#xED; -- La reforma agraria -- Personajes ilustres</subfield>
  </datafield>
  <datafield tag="650" ind1=" " ind2=" ">
    <subfield code="a">Ubicaci&#xF3;n geogr&#xE1;fica</subfield>
    <subfield code="9">49570</subfield>
  </datafield>
  <datafield tag="650" ind1=" " ind2=" ">
    <subfield code="a">La iglesia de Marangan&#xED;</subfield>
    <subfield code="9">49571</subfield>
  </datafield>
  <datafield tag="650" ind1=" " ind2=" ">
    <subfield code="a">La pernada</subfield>
    <subfield code="9">49572</subfield>
  </datafield>
  <datafield tag="650" ind1=" " ind2=" ">
    <subfield code="a">Rebeliones de Mar&#xED;a Jerusal&#xE9;n y T&#xFA;pac Amaru   </subfield>
    <subfield code="9">49573</subfield>
  </datafield>
  <datafield tag="650" ind1=" " ind2=" ">
    <subfield code="a">La presencia de Mateo Pumacahua en Marangan&#xED;</subfield>
    <subfield code="9">49574</subfield>
  </datafield>
  <datafield tag="650" ind1=" " ind2=" ">
    <subfield code="a">Los arrieros de Marangan&#xED; </subfield>
    <subfield code="9">49575</subfield>
  </datafield>
  <datafield tag="650" ind1=" " ind2=" ">
    <subfield code="a">Origen de la industria textil cusque&#xF1;a</subfield>
    <subfield code="9">49576</subfield>
  </datafield>
  <datafield tag="650" ind1=" " ind2=" ">
    <subfield code="a">Etapas hist&#xF3;ricas de la f&#xE1;brica de tejidos Marangan&#xED;</subfield>
    <subfield code="9">49659</subfield>
  </datafield>
  <datafield tag="650" ind1=" " ind2=" ">
    <subfield code="a">Marangan&#xED; en el siglo XX </subfield>
    <subfield code="9">49578</subfield>
  </datafield>
  <datafield tag="650" ind1=" " ind2=" ">
    <subfield code="a">La educaci&#xF3;n en Marangan&#xED;</subfield>
    <subfield code="9">49579</subfield>
  </datafield>
  <datafield tag="942" ind1=" " ind2=" ">
    <subfield code="2">ddc</subfield>
    <subfield code="c">LIBROS</subfield>
  </datafield>
  <datafield tag="945" ind1=" " ind2=" ">
    <subfield code="a">pbj</subfield>
    <subfield code="d">2024-04-19</subfield>
  </datafield>
  <datafield tag="952" ind1=" " ind2=" ">
    <subfield code="0">0</subfield>
    <subfield code="2">ddc</subfield>
    <subfield code="4">0</subfield>
    <subfield code="7">0</subfield>
    <subfield code="a">SH</subfield>
    <subfield code="b">SH</subfield>
    <subfield code="c">CART</subfield>
    <subfield code="d">2024-04-19</subfield>
    <subfield code="e">Donacion</subfield>
    <subfield code="g">20.00</subfield>
    <subfield code="o">985.613 / M2R</subfield>
    <subfield code="p">SH0000016660</subfield>
    <subfield code="r">2024-04-19</subfield>
    <subfield code="y">LIBROS</subfield>
  </datafield>
</record>
